| 000 | 00811nam a22002657a 4500 | ||
|---|---|---|---|
| 001 | 0074 | ||
| 003 | DO-SdBNP | ||
| 005 | 20180205135657.0 | ||
| 007 | 0074 | ||
| 008 | 151021b sp 1979 sp a||||| |||| 00| 0 spa d | ||
| 020 | _a8426100139 | ||
| 040 |
_aBPMSU _bspa _cBPMSU |
||
| 100 | 1 | _aBlyton, Enid | |
| 245 | 1 | 0 |
_aUn fin de semana de los cinco / _cEnid Blyton ; traducción María Victoria Oliva ; ilustración José Correas. |
| 250 | _a9a ed. | ||
| 260 |
_aBarcelona, España : _bJuventud, _c1979 |
||
| 300 |
_a160 p. : _bil., _c20 cm. |
||
| 490 | 1 |
_aEl club de los siete secretos _v31 |
|
| 700 | 1 | 2 |
_aOliva, María Victoria, _etr. |
| 700 | 1 | 2 |
_aCorreas, José, _eil. |
| 830 | 0 |
_aEl club de los siete secretos _n31 |
|
| 942 |
_2ddc _cBK |
||
| 945 | _aInventariado, 2018 /LP | ||
| 956 |
_aBrenda Tavárez _b10 |
||
| 999 |
_c8412 _d8412 |
||